Diffraction radiation from an ultrarelativistic charge in the plasma frequency limit; Physical Review E; Vol. 70, Iss. 6
| Parent link: | Physical Review E.— , 2004 Vol. 70, Iss. 6.— 2004.— P. 066501-1-066501-6 |
|---|---|
| Main Author: | |
| Other Authors: | , |
| Summary: | Diffraction radiation (DR) from an ultrarelativistic particle in the high frequency limit is considered. The distribution of the emitted energy over angles and frequencies has been obtained. Both backward DR and forward DR have been explored. The maximum of backward DR is found to augment with increasing the oblique incidence angle. В фонде НТБ ТПУ отсутствует |
| Language: | English |
| Published: |
2004
|
| Subjects: | |
| Format: | MixedMaterials Book Chapter |
| KOHA link: | https://koha.lib.tpu.ru/cgi-bin/koha/opac-detail.pl?biblionumber=595885 |
MARC
| LEADER | 00000naa0a2200000 4500 | ||
|---|---|---|---|
| 001 | 595885 | ||
| 005 | 20250312123134.0 | ||
| 035 | |a (RuTPU)RU\TPU\tpu\17766 | ||
| 090 | |a 595885 | ||
| 100 | |a 20100628d2004 k||y0rusy50 ba | ||
| 101 | 0 | |a eng | |
| 102 | |a US | ||
| 200 | 1 | |a Diffraction radiation from an ultrarelativistic charge in the plasma frequency limit |f A. A. Tishchenko, A. P. Potylitsyn, M. N. Strikhanov | |
| 330 | |a Diffraction radiation (DR) from an ultrarelativistic particle in the high frequency limit is considered. The distribution of the emitted energy over angles and frequencies has been obtained. Both backward DR and forward DR have been explored. The maximum of backward DR is found to augment with increasing the oblique incidence angle. | ||
| 333 | |a В фонде НТБ ТПУ отсутствует | ||
| 461 | |t Physical Review E |d 2004 | ||
| 463 | |t Vol. 70, Iss. 6 |v P. 066501-1-066501-6 |d 2004 | ||
| 610 | 1 | |a труды учёных ТПУ | |
| 700 | 1 | |a Tishchenko |b A. A. |4 070 | |
| 701 | 1 | |a Potylitsyn |b A. P. |c Russian physicist |c Professor of the TPU |f 1945- |g Alexander Petrovich |3 (RuTPU)RU\TPU\pers\26306 |4 070 |9 12068 | |
| 701 | 1 | |a Strikhanov |b M. N. |4 070 | |
| 801 | 1 | |a RU |b 63413507 |c 20100628 | |
| 801 | 2 | |a RU |b 63413507 |c 20150515 |g RCR | |
| 942 | |c CR | ||